000
00338nam a2200145Ia 4500
003
OSt
005
20240318154626.0
008
170523s9999 xx 000 0 und d
020
_a
978-0070528482
040
_c
IIMTU MEERUT
100
_a
FOROUZEN
245
0
_a
BUSINESS DATA COMMANICATION
260
_b
TATA MC GRAW HILL
942
_2
ddc
_c
02
999
_c
1613
_d
1613